00541nam a2200169Ia 4500001000700000003000500007008004100012010001100053040000900064082001600073100002100089245015300110260003700263300002100300503001700321650003300338Z_1277CHAP220113s1986 xx 000 0 und d a164365 cCHAP a636.0896 M6 aMorrow, David A. aCurrent therapy in theriogenology 2 : diagnosis, treatment and prevention of reproductive diseases in small and large animals /cby David A. Morrow aPhilaldephia :bSaunders,c1986 a1143 p. : bilus aej.1: 150718 aPatología veterinaria I.t.